| 000 | 01378nam a2200241Ia 4500 | ||
|---|---|---|---|
| 003 | Ost | ||
| 005 | 20260507075313.0 | ||
| 008 | 260507s9999||||xx |||||||||||||| ||und|| | ||
| 020 | _a9789957710897 | ||
| 040 | _cfsecg | ||
| 041 | _aara | ||
| 082 | _a658.562 | ||
| 100 |
_aالقزاز، اسماعيل _eمؤلف |
||
| 245 | 0 |
_aالتطبيق العلمي للمواصفة مع ملحق الترجمة العربية للمواصفة ISO 9001 / _c اسماعيل القزاز |
|
| 260 |
_aعمان: _bدار دجلة, _c2009 |
||
| 300 |
_a286 صفحة؛ _bإيضاحات ؛ _c25 سم |
||
| 504 | _aببليوغرافيا: ص.57-58 ملاحق ص.228 | ||
| 520 | _aمبادئ ادارة الجودة و المخطط الانساني لتطبيق مواصفة الايزر 9001/ 2008 ، نظم ادارة الجودة ــ المتطلبات : مقدمة عام ، منهج العملية ، العلاقة بالايزو 9004 و التوافق مع نظم الادارة الاخرى، المرجع القياسي ، العبارات و التعريفات ، نظام ادارة الجودة ، مسؤولية الادارة ، ادارة الموارد ، تحقيق المنتوج ، القياس و التحليل و التحسين | ||
| 653 | _aالإيزو | ||
| 653 | _aالمواصفات القياسية | ||
| 653 | _aضبط الجودة | ||
| 942 | _cكتاب | ||
| 999 |
_c43878 _d43878 |
||